Tiempo de trabajo y cambio climático (Registro nro. 53758)
[ vista simple ]
| 000 -CABECERA | |
|---|---|
| Longitud fija campo de control | 01965nam a2200445 c 4500 |
| 001 - NÚMERO DE CONTROL | |
| Número de control | 53758 |
| 003 - IDENTIFICADOR DE NÚMERO DE CONTROL | |
| Identificador del número de control | ES-MaCES |
| 005 - FECHA Y HORA DE LA ÚLTIMA TRANSACCIÓN | |
| Fecha y hora de la última transacción | 20250623141758.0 |
| 007 - PHYSICAL DESCRIPTION FIXED FIELD--GENERAL INFORMAT | |
| Campo fijo de descripción física | cr ||||||||||| |
| 008 - CAMPO FIJO DE DESCRIPCIÓN FIJA--INFORMACIÓN GENERAL | |
| Códigos de información de longitud fija | 240716s2024 sp r o100 | spa d |
| 017 ## - NÚMERO DE REGISTRO DE DERECHOS DE AUTOR Y DEPÓSITO LEGAL | |
| Número de copyright o de depósito legal | M 10259-2025 |
| Agencia que asigna el número | DL |
| 020 ## - ISBN (INTERNATIONAL STANDARD BOOK NUMBER) | |
| Número Internacional Normalizado para Libros (ISBN) | 9788484176428 |
| 024 7# - OTROS IDENTIFICADORES | |
| Número normalizado o código | 117-25-012-2 |
| Fuente del número o código | nipo (pdf) |
| 040 ## - FUENTE DE CATALOGACIÓN | |
| Centro catalogador de origen | ES-MaCES |
| Lengua de catalogación | spa |
| Centro transcriptor | ES-MaCES |
| 110 2# - ENCABEZAMIENTO PRINCIPAL--NOMBRE CORPORATIVO | |
| Nombre de entidad corporativa o nombre de jurisdicción como elemento inicial | Asociación Española de Derecho del Trabajo y de la Seguridad Social |
| Unidad subordinada | Congreso Anual |
| Número del congreso o número de parte o sección de la obra | 35 |
| Fecha del congreso o de la firma de un tratado | 2025 |
| Sede del congreso | Valencia |
| 9 (RLIN) | 41396 |
| 245 10 - MENCIÓN DE TÍTULO | |
| Título | Tiempo de trabajo y cambio climático |
| Medio | Recurso electrónico |
| Mención de responsabilidad, etc. | XXXV Congreso Anual de la Asociación Española de Derecho del Trabajo y de la Seguridad Social, Valencia, 29 y 30 de mayo de 2025 |
| 260 ## - PUBLICACIÓN, DISTRIBUCIÓN, ETC (PIE DE IMPRENTA) | |
| Lugar de publicación, distribución, etc. | Madrid |
| Nombre del editor, distribuidor, etc. | Ministerio de Trabajo y Economía Social, Subdirección General de Informes, Recursos y Publicaciones |
| Fecha de publicación, distribución, etc. | [2025] |
| 300 ## - DESCRIPCIÓN FÍSICA | |
| Extensión | 1 documento pdf |
| Material anejo | (2,20 mb) |
| 490 1# - MENCIÓN DE SERIE | |
| Mención de serie | Colección Informes y estudios. Serie Empleo |
| Designación de volumen o secuencia | 70 |
| 541 ## - NOTA DE LA FUENTE INMEDIANTE DE ADQUISICIÓN | |
| Forma de adquisición | Gratuito |
| 650 #4 - ASIENTO SECUNDARIO DE MATERIA--TÉRMINO DE MATERIA | |
| Término de materia o nombre geográfico como elemento inicial | horas de trabajo |
| 9 (RLIN) | 28335 |
| 650 #4 - ASIENTO SECUNDARIO DE MATERIA--TÉRMINO DE MATERIA | |
| Término de materia o nombre geográfico como elemento inicial | ordenamiento del tiempo de trabajo |
| 9 (RLIN) | 29205 |
| 650 #4 - ASIENTO SECUNDARIO DE MATERIA--TÉRMINO DE MATERIA | |
| Término de materia o nombre geográfico como elemento inicial | cambio climático |
| 9 (RLIN) | 30961 |
| 650 #4 - ASIENTO SECUNDARIO DE MATERIA--TÉRMINO DE MATERIA | |
| Término de materia o nombre geográfico como elemento inicial | catástrofe natural |
| 9 (RLIN) | 28728 |
| 650 #4 - ASIENTO SECUNDARIO DE MATERIA--TÉRMINO DE MATERIA | |
| Término de materia o nombre geográfico como elemento inicial | reducción de la duración del trabajo |
| 9 (RLIN) | 29516 |
| 650 #4 - ASIENTO SECUNDARIO DE MATERIA--TÉRMINO DE MATERIA | |
| Término de materia o nombre geográfico como elemento inicial | empleo a tiempo parcial |
| 9 (RLIN) | 26772 |
| 650 #4 - ASIENTO SECUNDARIO DE MATERIA--TÉRMINO DE MATERIA | |
| Término de materia o nombre geográfico como elemento inicial | cambio tecnológico |
| 9 (RLIN) | 28236 |
| 650 #4 - ASIENTO SECUNDARIO DE MATERIA--TÉRMINO DE MATERIA | |
| Término de materia o nombre geográfico como elemento inicial | supervisión de los empleados |
| 9 (RLIN) | 30656 |
| 650 #4 - ASIENTO SECUNDARIO DE MATERIA--TÉRMINO DE MATERIA | |
| Término de materia o nombre geográfico como elemento inicial | mecanismo de control |
| 9 (RLIN) | 29918 |
| 650 #4 - ASIENTO SECUNDARIO DE MATERIA--TÉRMINO DE MATERIA | |
| Término de materia o nombre geográfico como elemento inicial | España |
| 9 (RLIN) | 26964 |
| 650 #4 - ASIENTO SECUNDARIO DE MATERIA--TÉRMINO DE MATERIA | |
| Término de materia o nombre geográfico como elemento inicial | régimen jurídico |
| 9 (RLIN) | 29894 |
| 650 #4 - ASIENTO SECUNDARIO DE MATERIA--TÉRMINO DE MATERIA | |
| Término de materia o nombre geográfico como elemento inicial | conferencia |
| 9 (RLIN) | 27013 |
| 653 10 - TÉRMINO DE INDEXACIÓN--NO CONTROLADO | |
| Término no controlado | Empleo |
| 710 12 - ENCABEZAMIENTO SECUNDARIO--NOMBRE CORPORATIVO | |
| Nombre de entidad o nombre de jurisdicción como elemento inicial | España |
| Unidad subordinada | Ministerio de Trabajo y Economía Social |
| Término indicativo de función | ed. |
| 9 (RLIN) | 39731 |
| 830 #0 - ENCABEZAMIENTO SECUNDARIO DE COLECCIÓN--TÍTULO UNIFORME | |
| Título uniforme | Colección Informes y estudios (España. Ministerio de Trabajo y Economía Social) |
| Nombre de parte o sección de la obra | Serie Empleo |
| Designación de volumen o secuencia | 70 |
| 9 (RLIN) | 41053 |
| 856 4# - ACCESO ELECTRÓNICO | |
| Identificador Uniforme del Recurso (URI) | http://biblioteca.ces.es/repintra/B53758.pdf |
| Texto del enlace | texto completo |
| Nota pública | Intranet |
| 856 4# - ACCESO ELECTRÓNICO | |
| Identificador Uniforme del Recurso (URI) | https://www.aedtss.com/ponencias-congreso-xxxv-aedtss/ |
| Nota no pública | texto completo |
| 902 ## - CES. TIPO DE DOCUMENTO | |
| Tipodoc (006$c Sirtex) | ELE PUB. ELECTRONICA |
| 942 ## - ELEMENTOS KOHA | |
| Koha [por defecto] tipo de item | Monografías |
| Parte de clasificación | Empleo |
| Fuente de clasificaión o esquema | Clasificación propia del CES |
No hay ítems disponibles.
